| 000 | 00634nam a2200229Ia 4500 | ||
|---|---|---|---|
| 003 | OSt | ||
| 005 | 20221007074152.0 | ||
| 006 | a|||||r|||| 00| 0 | ||
| 007 | ta | ||
| 008 | 221006b |||||||| |||| 00| 0 eng d | ||
| 024 | _a8,726 | ||
| 037 | _cTextual | ||
| 040 |
_aFLL _cFLL _beng |
||
| 041 |
_2eng _aeng |
||
| 082 | _aZ2ZmN01, J0 | ||
| 100 |
_aRamaratnam N. _9692632 |
||
| 245 | 0 | _aYearly digest of indian & select english cases | |
| 260 |
_aMadras _bThe Madras Law Journal Office India _c1950 |
||
| 300 |
_axlix,1543p _ccm. |
||
| 942 |
_hZ2ZmN01, J0 _cTEXL _2CC |
||
| 999 |
_c1151406 _d1151406 |
||